00791 a2200193 45000010006000000050017000060080041000230030015000640400040000790800016001192450060001350200022001952640037002173000019002545050135002731000019004087000019004278560151004462754520260407155550.0260407a2007 arg spa dAR-UNSa-BCEJYS aAR-UNSa-BCEJYSbspacAR-UNSa-BCEJYS a34xDerecho10aDerecho, desarrollo y sistema multilateral del comercio a978-85-87995-93-3 1aFlorianópolis :bBoiteuxc2007 a477 p.c23 cm. a1. Comercio internacional - 2. Propiedad intelectual - 3. Derechos humanos - 4. Integración regional - 5. Solución de disputas1 aBarral, Welber1 aCorrea, Carlos41uhttps://biblioeco.unsa.edu.ar/pmb/images/libros/Derecho, Desarrollo y Sistema Multilateral del Comercio-l117935.jpgyImagen de portadaqimage/jpeg